00000000nam 2200000zi 4500
0019.944350
003CaOODSP
00520250129123425
006m     o  d f      
007cr mn|||||||||
008241022e202411##onc     ob   f100 0 eng d
020 |a9780660741086
040 |aCaOODSP|beng|erda|cCaOODSP
043 |an-cn-nf|aln-----
0861 |aFs70-4/2024-045E-PDF
24500|aProceedings of the regional peer review for the assessment of Divisions 2J+3KL capelin and evaluation of proposed limit reference points : |bmeeting dates, March 6-10, 2023 : location, virtual / |cchairpersons, Nadine Wells and Elizabeth Coughlin ; editor, Aimee Kinsella.
264 1|aOttawa ON : |bCanadian Science Advisory Secretariat (CSAS), |cNovember 2024.
264 4|c©2024
300 |a1 online resource (v, 19 pages).
336 |atext|btxt|2rdacontent
337 |acomputer|bc|2rdamedia
338 |aonline resource|bcr|2rdacarrier
4901 |aProceedings series, |x1701-1280 ; |v2024/045
500 |aIssued also in French under title: Compte rendu de l'examen régional par les pairs pour l'évaluation capelan des divisions 2J+3KL et l'évaluation des points de référence limites proposés : dates de la réunion, du 6 au 10 mars 2023 : endroit, virtuelle.
504 |aIncludes bibliographical references.
520 |a"The Regional Peer Review Process on the status of Capelin (Mallotus villosus) and the evaluation of proposed limit reference points was a hybrid meeting held March 6-10, 2023. The purpose was to assess the stock status of Capelin in Northwest Atlantic Fisheries Organization (NAFO) Divisions 2J3KL and evaluate proposed limit references points (LRPs). These Proceedings include an abstract and summary of discussion for each presentation, as well as a list of research recommendations. The meeting terms of reference, agenda, and list of participants are appended. …"--Summary, page v.
650 0|aCapelin|zNewfoundland and Labrador|zAtlantic Coast|vCongresses.
650 0|aCapelin fisheries|zNewfoundland and Labrador|zAtlantic Coast|xManagement|vCongresses.
650 0|aFish stock assessment|zNewfoundland and Labrador|zAtlantic Coast|vCongresses.
655 7|aConference papers and proceedings|2lcgft
7001 |aWells, N. J.
7102 |aCanadian Science Advisory Secretariat, |eissuing body.
7101 |aCanada. |bDepartment of Fisheries and Oceans. |bNewfoundland and Labrador Region, |eissuing body.
77508|tCompte rendu de l'examen régional par les pairs pour l'évaluation capelan des divisions 2J+3KL et l'évaluation des points de référence limites proposés : |w(CaOODSP)9.944351
830#0|aProceedings series (Canadian Science Advisory Secretariat)|v2024/045.|w(CaOODSP)9.506483
85640|qPDF|s494 KB|uhttps://publications.gc.ca/collections/collection_2025/mpo-dfo/fs70-4/Fs70-4-2024-045-eng.pdf